L'Urgell : aproximació a una anàlisi regional / Gelasio Nogueira Esmoris, Joan Tort Donada ; pròleg de Lluís Foix i Carniser aproximació a una anàlisi regional / Gelasio Nogueira Esmoris, Joan Tort Donada ; pròleg de Lluís Foix i Carniser
Descripción Física:
XIII, 490 p. : amb maps. ; 24 cm
Colección:
Col·lecció Catalunya comarcal
Materias:
Urgell -- Condicions econòmiques
MARC
| LEADER | 00000nam a2200000Ia 4500 | ||
|---|---|---|---|
| 001 | 10079 | ||
| 008 | 160829s1993 xx 000 0 cat d | ||
| 080 | |a M-2-34 | ||
| 100 | |a Nogueira Esmoris, Gelasio |9 26640 | ||
| 245 | |a L'Urgell : |b aproximació a una anàlisi regional / Gelasio Nogueira Esmoris, Joan Tort Donada ; pròleg de Lluís Foix i Carniser | ||
| 260 | |a Barcelona : |b Caixa de Catalunya, |c 1993 | ||
| 300 | |a XIII, 490 p. : |b amb maps. ; |c 24 cm | ||
| 490 | |a Col·lecció Catalunya comarcal | ||
| 650 | |a Urgell |x Condicions econòmiques |9 27812 | ||
| 700 | |a Tort i Donada, Joan |9 26641 | ||
| 700 | 1 | |a Foix i Carniser, Lluís |9 27813 | |
| 901 | |a Arxiu | ||
| 942 | |n 1 | ||
| 952 | |0 0 |1 0 |4 0 |6 M234 |7 1 |9 44556 |a Arxiu |b Arxiu |d 2016-12-01 |l 0 |o M-2-34 |p 10079 |r 2016-12-01 00:00:00 |w 2016-12-01 |y ARXIU | ||
| 999 | |c 47137 |d 47137 | ||